| 000 | 003510000a22001450004500 | ||
|---|---|---|---|
| 003 | MACL | ||
| 040 | _aMACL | ||
| 090 |
_c31753 _d31751 |
||
| 100 | _aChan, Terrence | ||
| 245 | _aUNIX System Programming Using C++ | ||
| 260 |
_bPrentice Hall of India Private Ltd _c1999 |
||
| 350 | _a225 | ||
| 650 | _aComputer Programming | ||
| 942 |
_cBOOK _k005.133/CHA |
||
| 999 |
_c31433 _d31433 |
||